Facial Expressions (Record no. 2245)

000 -LEADER
fixed length control field 00309nam a2200133Ia 4500
008 - FIXED-LENGTH DATA ELEMENTS--GENERAL INFORMATION
fixed length control field 180730s9999||||xx |||||||||||||| ||und||
020 ## - INTERNATIONAL STANDARD BOOK NUMBER
International Standard Book Number 9780823016716
082 ## - DEWEY DECIMAL CLASSIFICATION NUMBER
Classification number 700
Item number SIM/F
100 ## - MAIN ENTRY--PERSONAL NAME
Personal name Simon, Mark
245 #0 - TITLE STATEMENT
Title Facial Expressions
260 ## - PUBLICATION, DISTRIBUTION, ETC.
Place of publication, distribution, etc. New yark
Name of publisher, distributor, etc. W.G. Pub.
Date of publication, distribution, etc. 2005
300 ## - PHYSICAL DESCRIPTION
Extent 256p
942 ## - ADDED ENTRY ELEMENTS (KOHA)
Institution code [OBSOLETE] BK
Holdings
Withdrawn status Lost status Damaged status Not for loan Collection code Permanent Location Current Location Date acquired Cost, normal purchase price Total Checkouts Full call number Barcode Date last seen Date last checked out Price effective from Koha item type
        School of Animation (Noida) MUIT-NOIDA MUIT-NOIDA 2018-07-30 1150.00 6 700 SIM/F ANM00294 2026-03-02 2026-02-23 2018-07-30 Book

All Rights Reserved@MUIT

Powered by Koha